000 00476nam a2200145Ia 4500
008 100204s9999 xx 000 0 und d
082 _b10676
100 _aगोविलकर म. वि.
245 _aपुरुषोत्तम
260 _b"दिपाली प्रकाशन , कल्याण , ठाणे"
_c1987
300 _a670
630 _aपुरुषोत्तम
730 _aपुरुषोत्तम
942 _cBOOK
999 _c455112
_d455109